Prvá Míľa nemôžeš urobiť "druhú míľu", kým si neurobil tú prvú

Bibliographic Details
Main Author: Prince, Derek, 1915-2003 (Author)
Other Authors: Čekan, Branislav (Translator)
Format: Book
Language:Slovak
English
PhysicalDescription:40 strán 17 cm
Published: Košice Publishing House Dunamis 2017
ISBN:9788089204427
Edition:Prvé vydanie
Subjects:

MARC

LEADER 00000cam a2200000 4500
001 vtls011740328
003 SK-MaSNL
005 20260301045750.0
008 200104s2017 xo er 000 0dslo
015 |a SNBA2018/05 
020 |a 9788089204427  |q (brožované) 
035 |a urn:nbn:sk:snk-am00d2ie 
035 |a urn:nbn:sk:snk-am3hjgy 
035 |a 6D490211-9F82-4E86-AC2F-2EAED3893E92 
040 |a SNK  |b slo  |c SNK  |e rda 
041 1 |a slo  |h eng 
044 |a xo  |c SK 
072 7 |a 27-4  |x Praktická teológia. Morálna teológia  |2 konspekt 
080 |a 27-4  |2 2011 
080 |a 27-277  |2 2011 
080 |a 27  |2 2011 
080 |a (049)  |2 2011 
100 1 |a Prince, Derek,  |d 1915-2003  |4 aut  |9 105163 
240 1 4 |a The First Mile  |l Slovensky 
245 1 0 |a Prvá Míľa  |b nemôžeš urobiť "druhú míľu", kým si neurobil tú prvú  |c Derek Prince ; slovenský preklad: Branislav Čekan 
250 |a Prvé vydanie 
264 1 |a Košice  |b Publishing House Dunamis  |c 2017 
300 |a 40 strán  |c 17 cm 
336 |a text  |b txt  |2 rdacontent 
337 |a bez média  |b n  |2 rdamedia 
338 |a zväzok  |b nc  |2 rdacarrier 
366 |e 2000 výtlačkov 
500 |a Preložené z angličtiny 
500 |a Obsahuje biografické údaje o autorovi na strane 31-33 
504 |a Použité citáty Písma na strane 30 
650 0 7 |a kresťanský život  |2 SNKPH  |9 1808 
650 0 7 |a Christian life  |2 SNKPHeng  |9 265582 
650 0 7 |a biblická interpretácia  |2 SNKPH  |9 68298 
650 0 7 |a Biblical interpretation  |2 SNKPHeng  |9 302425 
650 0 7 |a kresťanská viera  |2 SNKPH  |9 1712 
650 0 7 |a Christian faith  |2 SNKPHeng  |9 266204 
655 7 |a rozpravy  |2 SNKPH  |9 70559 
655 7 |a Essays  |2 SNKPHeng  |9 267540 
700 1 |a Čekan, Branislav  |4 trl  |9 315625 
852 |a Štátna vedecká knižnica v Banskej Bystrici 
919 |a 978-80-89204-42-7 
958 |a UP 
958 |a NT 
958 |a NS 
958 |a NB 
958 |a BC 
968 |b ENG 
999 |c 599261  |d 601191 
952 |a SNK  |b SNK  |y PREZ  |7 0  |p 17A1320528  |o snkSD 87023  |i snk2018/4001  |8 0  |0 0  |1 0  |4 0  |d 2018-02-13  |f 1  |l 0  |r 2026-02-23 15:49:52  |w 2026-02-23 
952 |a SNK  |b SNK  |y VYP  |7 0  |p 17A1320529  |o snkSD 87023 D1  |i snk2018/4002  |8 0  |0 0  |1 0  |4 0  |d 2018-02-13  |l 0  |r 2026-02-23 15:49:53  |w 2026-02-23